000 00972nam0a22002891 4500
001 v19\rc\1831308
005 20250619140418.0
035 _a(NLR Aleph) 004926924
090 _a5638182
_c5638182
100 _a20071224d1908 |||y0rusy50 ca
101 0 _arus
102 _aRU
105 _aa b |||a|
200 1 _aБорьба богатырей - воды и огня
_eПриключения и катастрофы на суше и на море
_e(Рассказы из истории земли)
_fП. Дружбин
210 _aМосква
_cт-во И.Д. Сытина
_d1908
215 _a216 с.
_cил.
_d20
700 1 _aДружбин
_bП.В.
_gПавел Васильевич
801 0 _aRU
_bNLR
_gpsbo
801 0 _aRU
_bRuMoRGB
_2psbo
801 1 _aRU
_bProSoft-M
_2rusmarc
852 _aNLR
_j38.25.6.45
852 _aNLR
_j130/5716
899 _aRuMoRGB
_jP 39/217
899 _aRuMoRGB
_jU 409/238
899 _aНБ МГУ
942 _cBOOK
980 _aNB